00225nam a2200085Ia 4500008004100000100002500041245002200066260004200088260000900130170620s9999 xx 000 0 und d aKumari- M. Alice Raj 0aSpecial Education bNew Delhi- Discovery Publishing House c2006